[Event "Lille Luce op 4th"]
[Site "Lille"]
[Date "2013.04.17"]
[Round "7"]
[White "Briet, Guillaume"]
[Black "Ponnet, Jean"]
[Result "0-1"]
[WhiteElo "2089"]
[BlackElo "1650"]
[PlyCount "68"]
[EventDate "2013.04.13"]
[EventType "swiss"]
[EventRounds "9"]
[EventCountry "FRA"]
[SourceTitle "CBM 154 Extra"]
[Source "ChessBase"]
[SourceDate "2013.06.25"]
[SourceVersion "2"]
[SourceVersionDate "2013.06.25"]
[SourceQuality "1"]

1. e4 c5 2. Nf3 d6 3. d4 cxd4 4. Qxd4 Nc6 5. Bb5 Bd7 6. Bxc6 Bxc6 7. Nc3 e6 8. Bg5 Nf6 9. 0-0-0 Be7 10. h4 Qc7 11. Qd3 0-0-0 12. Nd4 Kb8 13. Kb1 h6 14. Be3 a6 15. f3 Nd7 16. Qc4 Rc8 17. h5 Ka8 18. Rd2 Ne5 19. Qb3 Bd7 20. Re2 Nc4 21. Bc1 Rhe8 22. Rd1 Na5 23. Qa3 d5 24. b4 Nc4 25. Qb3 dxe4 26. Nxe4 Nb6 27. b5 a5 28. Ba3 Bxa3 29. Qxa3 Nd5 30. c4 Qxc4 31. Qxa5+ Kb8 32. b6 Qa6 33. Qxa6 bxa6 34. Nd2 Nc3+ 0-1